[Event "Alassio West End op 2nd"]
[Site "Alassio"]
[Date "2016.10.02"]
[Round "5"]
[White "Ustianovich, Nazar"]
[Black "Caputi, Giuliano"]
[Result "1-0"]
[WhiteElo "2316"]
[BlackElo "1834"]
[PlyCount "23"]
[EventDate "2016.09.30"]
[EventType "swiss"]
[EventRounds "5"]
[EventCountry "ITA"]
[SourceTitle "EXT 2018"]
[Source "ChessBase"]
[SourceDate "2017.10.13"]
[SourceVersion "1"]
[SourceVersionDate "2017.10.13"]
[SourceQuality "1"]

1. Nf3 d5 2. d4 e6 3. g3 Bd6 4. Bg2 c5 5. 0-0 Nc6 6. c4 cxd4 7. Nxd4 e5 8. Nxc6 bxc6 9. cxd5 cxd5 10. Nc3 Nf6 11. Nxd5 Nxd5 12. Bxd5 1-0

[Event "Imperia Savona Province-ch"]
[Site "Alassio"]
[Date "2016.01.16"]
[Round "2"]
[White "Pedemonte, Claudio"]
[Black "Caputi, Giuliano"]
[Result "0-1"]
[WhiteElo "1812"]
[BlackElo "1875"]
[PlyCount "56"]
[EventDate "2016.01.15"]
[EventType "swiss"]
[EventRounds "5"]
[EventCountry "ITA"]
[SourceTitle "EXT 2018"]
[Source "ChessBase"]
[SourceDate "2017.10.13"]
[SourceVersion "1"]
[SourceVersionDate "2017.10.13"]
[SourceQuality "1"]

1. c4 c6 2. e4 d5 3. exd5 cxd5 4. d4 Nf6 5. Nc3 Nc6 6. Bg5 Be6 7. Nf3 h6 8. cxd5 Nxd5 9. Bh4 g5 10. Bg3 Bg7 11. Bb5 Qb6 12. Qa4 0-0 13. Bxc6 Qxb2 14. Nxd5 Qxa1+ 15. Qd1 Qxd1+ 16. Kxd1 bxc6 17. Nxe7+ Kh7 18. Nxc6 Bxa2 19. Kd2 Bd5 20. Nce5 f6 21. Nd3 Rfd8 22. Nc5 Bxf3 23. gxf3 Rxd4+ 24. Ke3 f5 25. f4 g4 26. f3 Re8+ 27. Kf2 Rd2+ 28. Kf1 Rd1+ 0-1

[Event "Imperia Savona Province-ch"]
[Site "Alassio"]
[Date "2016.01.15"]
[Round "1"]
[White "Caputi, Giuliano"]
[Black "Cardino, Guido"]
[Result "1-0"]
[WhiteElo "1875"]
[BlackElo "1609"]
[PlyCount "127"]
[EventDate "2016.01.15"]
[EventType "swiss"]
[EventRounds "5"]
[EventCountry "ITA"]
[SourceTitle "EXT 2018"]
[Source "ChessBase"]
[SourceDate "2017.10.13"]
[SourceVersion "1"]
[SourceVersionDate "2017.10.13"]
[SourceQuality "1"]

1. e4 c6 2. d4 d5 3. Nc3 dxe4 4. Nxe4 Bf5 5. Ng3 Bg6 6. Nf3 Nd7 7. h4 h6 8. Bc4 e6 9. c3 Bd6 10. Qe2 Ne7 11. h5 Bh7 12. Ne4 Bxe4 13. Qxe4 Nf6 14. Qe2 Ned5 15. Ne5 Qc7 16. Bd2 Nd7 17. f4 Nxe5 18. fxe5 Be7 19. Bxd5 cxd5 20. 0-0 Bg5 21. Qb5+ Qc6 22. Qxc6+ bxc6 23. Bxg5 hxg5 24. g4 Ke7 25. Kg2 Raf8 26. b4 f5 27. exf6+ gxf6 28. Rae1 Kd6 29. Kg3 f5 30. Re2 Rh6 31. Re5 Rhf6 32. a4 a6 33. a5 R8f7 34. gxf5 Rxf5 35. Rfe1 R7f6 36. Kg4 Rf2 37. Kxg5 Rf7 38. Rxe6+ Kd7 39. Kg6 Rf8 40. Re7+ Kc8 41. Kg7 Rd8 42. h6 Rg2+ 43. Kh7 Rgg8 44. Ra7 Rh8+ 45. Kg6 Rd6+ 46. Kg5 Rdxh6 47. Ree7 Rh5+ 48. Kf4 Rf8+ 49. Kg4 Rhf5 50. Rac7+ Kb8 51. Rxc6 Rf1 52. Rg6 Kc8 53. Ra7 Rg1+ 54. Kh5 Rh1+ 55. Kg5 Rg1+ 56. Kh6 Rh1+ 57. Kg7 Rf5 58. Rf7 Rhf1 59. Rxf5 Rxf5 60. Rf6 Rxf6 61. Kxf6 Kd7 62. Kf5 Kd6 63. Kf6 Kc6 64. Ke5 1-0

[Event "Presolana op 35th"]
[Site "Presolana"]
[Date "2015.08.27"]
[Round "5"]
[White "Caputi, Giuliano"]
[Black "Fiscato, Claudio"]
[Result "1-0"]
[WhiteElo "1884"]
[BlackElo "1742"]
[PlyCount "104"]
[EventDate "2015.08.23"]
[EventType "swiss"]
[EventRounds "8"]
[EventCountry "ITA"]
[SourceTitle "EXT 2024"]
[Source "ChessBase"]
[SourceDate "2023.10.10"]
[SourceVersion "1"]
[SourceVersionDate "2023.10.10"]
[SourceQuality "1"]

1. e4 c5 2. Nf3 e6 3. d4 cxd4 4. Nxd4 Nc6 5. Bc4 a6 6. 0-0 Qc7 7. Nc3 Nf6 8. Nxc6 Qxc6 9. Qe2 d6 10. Kh1 Be7 11. f3 0-0 12. Be3 b6 13. Bd3 Bb7 14. a4 Nd7 15. Qf2 Bf6 16. Ra3 Bd8 17. Rd1 Rb8 18. b4 Qc7 19. Ne2 Rc8 20. Rc3 Qb8 21. Rxc8 Qxc8 22. c4 Qa8 23. Nf4 Bc7 24. Nh5 Kh8 25. Be2 Qe8 26. Nf4 Qe7 27. Nd3 f5 28. exf5 Rxf5 29. Nf4 Rf8 30. Nh3 Be4 31. Ng5 Bg6 32. h4 h6 33. Nh3 e5 34. Qg3 Qf6 35. Nf2 h5 36. Nh3 Be8 37. Bd3 g6 38. Be4 Bf7 39. Bg5 Qe6 40. Bh6 Rc8 41. Bd5 Qe8 42. Bxf7 Qxf7 43. Be3 Nf8 44. f4 Ne6 45. fxe5 dxe5 46. Ng5 Nxg5 47. Qxg5 Re8 48. c5 bxc5 49. bxc5 Qe6 50. Rf1 Bd8 51. Qh6+ Kg8 52. Bg5 Bxg5 1-0

[Event "Recco op-A 4th"]
[Site "Recco "]
[Date "2010.11.28"]
[Round "4"]
[White "Caputi, Giuliano"]
[Black "Astengo, Marcello"]
[Result "0-1"]
[WhiteElo "1925"]
[BlackElo "2070"]
[PlyCount "178"]
[EventDate "2010.11.26"]
[EventType "swiss"]
[EventRounds "5"]
[EventCountry "ITA"]
[SourceTitle "EXT 2012"]
[Source "ChessBase"]
[SourceDate "2011.11.24"]
[SourceVersion "1"]
[SourceVersionDate "2011.11.24"]
[SourceQuality "1"]

1. e4 e6 2. d4 d5 3. Nd2 Nf6 4. e5 Ng8 5. Bd3 c5 6. c3 Bd7 7. Ne2 Nc6 8. f4 Qh4+ 9. g3 Qd8 10. Nf3 Nh6 11. Be3 cxd4 12. Nexd4 Be7 13. Qc2 g6 14. Qd2 0-0 15. h3 f6 16. Qc2 Kg7 17. 0-0 Rc8 18. Qd2 Nf7 19. Rae1 Qc7 20. Kg2 Kg8 21. exf6 Bxf6 22. Nxc6 bxc6 23. Bc5 Rfe8 24. Qf2 Bg7 25. Ne5 Ra8 26. b4 Bc8 27. a4 Bb7 28. a5 Nd6 29. Qc2 Nf5 30. Kh2 Qc8 31. Qe2 Bf8 32. Bxf5 exf5 33. Qe3 Ba6 34. Rf2 Qc7 35. Bxf8 Kxf8 36. Qc5+ Kg7 37. Rd1 Rac8 38. Qd4 Kg8 39. Rfd2 Red8 40. Qc5 Bb5 41. Re1 a6 42. Re3 Qd6 43. Qxd6 Rxd6 44. Nf3 c5 45. Re7 cxb4 46. cxb4 Rc4 47. Rd4 Rc3 48. Kg2 Rb3 49. Kf2 Bc4 50. Nd2 Rxb4 51. Nxc4 Rxc4 52. Rxc4 dxc4 53. Rc7 Rd2+ 54. Kf1 Rg2 55. Rxc4 Rxg3 56. Rc6 Rxh3 57. Kf2 Ra3 58. Rxa6 Kg7 59. Kg2 h5 60. Kf2 h4 61. Kg2 h3+ 62. Kh2 Kh6 63. Ra8 Kh5 64. a6 Kg4 65. Rg8 Rxa6 66. Rg7 Ra2+ 67. Kh1 Ra6 68. Kh2 Kxf4 69. Kxh3 g5 70. Rb7 Ra3+ 71. Kg2 Kg4 72. Rb2 f4 73. Rc2 Re3 74. Kf2 Rf3+ 75. Kg2 Rg3+ 76. Kh2 Rh3+ 77. Kg2 f3+ 78. Kg1 Kg3 79. Rg2+ Kh4 80. Rb2 Rg3+ 81. Kh1 Rg4 82. Rh2+ Kg3 83. Kg1 Rb4 84. Rg2+ Kf4 85. Rc2 g4 86. Rc7 Kg3 87. Rc1 Rb2 88. Rf1 f2+ 89. Kh1 Rb6 0-1

[Event "Bertolini Memorial 15th"]
[Site "Genova"]
[Date "2010.06.18"]
[Round "1"]
[White "Caputi, Giuliano"]
[Black "D'Ambrosio, Francesco"]
[Result "1-0"]
[WhiteElo "1903"]
[BlackElo "1503"]
[PlyCount "45"]
[EventDate "2010.06.18"]
[EventType "swiss"]
[EventRounds "5"]
[EventCountry "ITA"]
[SourceTitle "EXT 2015"]
[Source "ChessBase"]
[SourceDate "2014.11.20"]
[SourceVersion "1"]
[SourceVersionDate "2014.11.20"]
[SourceQuality "1"]

1. e4 c5 2. Nf3 Nc6 3. Bb5 a6 4. Bxc6 bxc6 5. 0-0 d6 6. c4 e5 7. Nc3 Be6 8. d3 Nf6 9. Ng5 Be7 10. Nxe6 fxe6 11. Be3 d5 12. Bc1 h6 13. f4 Qd6 14. h3 Kd7 15. g4 g6 16. Qf3 Raf8 17. Qg3 dxe4 18. fxe5 Qd4+ 19. Be3 Nh5 20. gxh5 Rxf1+ 21. Rxf1 Qxd3 22. Rd1 Qxd1+ 23. Nxd1 1-0

[Event "Bratto op-B 28th"]
[Site "Bratto"]
[Date "2008.08.30"]
[Round "8"]
[White "Caputi, Giuliano"]
[Black "Pulvirenti, Gianni"]
[Result "1-0"]
[WhiteElo "1978"]
[BlackElo "1952"]
[PlyCount "83"]
[EventDate "2008.08.23"]
[EventType "swiss"]
[EventRounds "9"]
[EventCountry "ITA"]
[SourceTitle "EXT 2011"]
[Source "ChessBase"]
[SourceDate "2010.11.26"]
[SourceVersion "1"]
[SourceVersionDate "2010.11.26"]
[SourceQuality "1"]

1. e4 d6 2. d4 g6 3. Nf3 Bg7 4. h3 Nf6 5. Bd3 Nc6 6. c3 e5 7. d5 Ne7 8. Be3 0-0 9. Qd2 Ne8 10. g4 c6 11. c4 a6 12. Nc3 Bd7 13. Nh4 Nxd5 14. cxd5 c5 15. a4 Qa5 16. 0-0 Rc8 17. f3 Qd8 18. Ng2 Bf6 19. Kh2 Ng7 20. Rh1 g5 21. Bf2 h5 22. gxh5 Nxh5 23. Kg1 Kh7 24. Ne3 Rg8 25. Ng4 Rg6 26. Ne2 Be7 27. b3 Kg7 28. Be3 Nf4 29. Nxf4 gxf4 30. Bf2 Qh8 31. Kf1 Qh5 32. Ke2 Rh8 33. Rag1 Kh7 34. a5 Rgg8 35. b4 Rc8 36. bxc5 dxc5 37. d6 Bh4 38. Bxh4 Qxh4 39. Nxe5 Be6 40. Nxf7 Bxf7 41. e5+ Kh6 42. Rg4 1-0

[Event "Bratto op-B 28th"]
[Site "Bratto"]
[Date "2008.08.26"]
[Round "4"]
[White "Caputi, Giuliano"]
[Black "Regorda, Vittorio"]
[Result "1-0"]
[WhiteElo "1978"]
[BlackElo "1859"]
[PlyCount "65"]
[EventDate "2008.08.23"]
[EventType "swiss"]
[EventRounds "9"]
[EventCountry "ITA"]
[SourceTitle "EXT 2011"]
[Source "ChessBase"]
[SourceDate "2010.11.26"]
[SourceVersion "1"]
[SourceVersionDate "2010.11.26"]
[SourceQuality "1"]

1. e4 c6 2. d4 d5 3. Nc3 dxe4 4. Nxe4 h6 5. Bc4 Bf5 6. Ng3 Bg6 7. N1e2 e6 8. Nf4 Bh7 9. Qe2 g5 10. Nfh5 Nd7 11. Bd2 Qe7 12. 0-0-0 0-0-0 13. Rhe1 Ngf6 14. a3 Bg6 15. Bb4 Qe8 16. Ba5 Nxh5 17. Nxh5 Bxh5 18. Qxh5 Nf6 19. Qf3 b6 20. Ba6+ Kd7 21. d5 Kc7 22. Qxf6 Be7 23. Qc3 bxa5 24. Qxa5+ Kb8 25. Rd3 Rxd5 26. Rb3+ Rb5 27. Bxb5 cxb5 28. Rxb5+ Ka8 29. Re4 Qd7 30. Rb3 Rc8 31. Qb5 Qc7 32. Rc4 Qb8 33. Qa6 1-0

[Event "Bratto Gorgonzola op-B"]
[Site "Bratto"]
[Date "2006.08.23"]
[Round "4"]
[White "Caputi, Giuliano"]
[Black "Acunzo, Domenico"]
[Result "1-0"]
[WhiteElo "1945"]
[BlackElo "1764"]
[PlyCount "89"]
[EventDate "2006.08.20"]
[EventType "swiss"]
[EventRounds "8"]
[EventCountry "ITA"]
[SourceTitle "EXT 2008"]
[Source "ChessBase"]
[SourceDate "2007.11.25"]
[SourceVersion "1"]
[SourceVersionDate "2007.11.25"]
[SourceQuality "1"]

1. c4 e5 2. Nc3 Nc6 3. d3 f5 4. g3 Nf6 5. Bg2 Bc5 6. Nf3 0-0 7. Bg5 Bb4 8. 0-0 Bxc3 9. bxc3 d6 10. Rb1 Qe8 11. Bc1 b6 12. Ba3 Bd7 13. Qd2 Rd8 14. h3 Ne7 15. Ne1 Ng6 16. Nc2 f4 17. Kh2 Nh5 18. Bf3 fxg3+ 19. fxg3 Nxg3 20. Bd5+ Kh8 21. Rxf8+ Qxf8 22. Kxg3 Qf6 23. Qe3 Qh4+ 24. Kh2 Rf8 25. Rg1 Rf2+ 26. Rg2 Rxg2+ 27. Bxg2 Nf4 28. Qf3 g5 29. Bf1 g4 30. Qg3 Qh6 31. Bc1 gxh3 32. Bxf4 exf4 33. Qf3 Qh4 34. e3 Kg7 35. Qxf4 Qh5 36. Nd4 Qa5 37. Bxh3 Bxh3 38. Kxh3 Qxc3 39. Ne6+ Kg6 40. Qg5+ Kf7 41. Qf5+ Ke7 42. Nxc7 Qe1 43. Nd5+ Kd8 44. Qf8+ Kd7 45. Qe7+ 1-0